[Event "IX EICC"]
[Site "Plovdiv BUL"]
[Date "2008.04.25"]
[Round "5"]
[White "Grunberg,M"]
[Black "Atalik,S"]
[Result "0-1"]
[WhiteElo "2422"]
[BlackElo "2592"]
[EventDate "2008.04.21"]

1. Nf3 Nf6 2. d4 e6 3. g3 b6 4. Bg2 Bb7 5. O-O Be7 6. c4 O-O 7. Nc3 Ne4 8.
Nxe4 Bxe4 9. Ne1 d5 10. Qa4 Qe8 11. Qxe8 Rxe8 12. Bxe4 dxe4 13. Nc2 Nc6 14.
Bf4 Bf6 15. Rad1 Rad8 16. Bxc7 Rd7 17. Be5 Nxe5 18. dxe5 Red8 19. Rxd7 Rxd7
20. Ne3 Bxe5 21. b3 f5 22. Rd1 Rc7 23. h4 Kf7 24. Kg2 h6 0-1

[Event "IX EICC"]
[Site "Plovdiv BUL"]
[Date "2008.04.25"]
[Round "5"]
[White "Lubczynski,R"]
[Black "Iordachescu,V"]
[Result "1/2-1/2"]
[WhiteElo "2418"]
[BlackElo "2584"]
[EventDate "2008.04.21"]

1. Nf3 Nf6 2. c4 e6 3. g3 d5 4. d4 dxc4 5. Qa4+ c6 6. Qxc4 b5 7. Qd3 Nbd7
8. Bg2 Bb7 9. O-O a6 10. Be3 Be7 11. Nbd2 Nd5 12. Nb3 O-O 13. Rfd1 a5 14.
Nc5 Nxc5 15. dxc5 Nxe3 16. Qxe3 Qc7 17. Ng5 Rad8 18. Ne4 e5 19. Nd6 Bxd6
20. cxd6 Rxd6 21. Rxd6 Qxd6 22. Qb6 Rb8 23. Qxa5 c5 24. Bxb7 Rxb7 25. Rc1
g6 26. Rxc5 Qxc5 27. Qa8+ Kg7 28. Qxb7 Qc1+ 29. Kg2 Qxb2 30. a4 b4 31. a5
b3 32. a6 1/2-1/2

[Event "IX EICC"]
[Site "Plovdiv BUL"]
[Date "2008.04.25"]
[Round "5"]
[White "Minasian,Art"]
[Black "Filip,L"]
[Result "1/2-1/2"]
[WhiteElo "2574"]
[BlackElo "2459"]
[EventDate "2008.04.21"]

1. e4 c5 2. Nf3 e6 3. d3 Nc6 4. g3 Nf6 5. Bg2 Be7 6. O-O d6 7. c3 O-O 8.
Nbd2 Bd7 9. Re1 Rc8 10. a3 b5 11. b4 cxb4 12. axb4 a5 13. bxa5 Nxa5 14. Ba3
Re8 15. d4 Qc7 16. Qb1 h6 17. h3 Bf8 18. Rc1 Rb8 19. Rc2 Rec8 20. Rca2 Nc6
21. Rb2 Na7 22. Rb3 Nc6 23. Bf1 Na7 24. e5 dxe5 25. dxe5 Nd5 26. Bd6 Bxd6
27. exd6 Qb6 28. c4 Nf6 29. Rba3 Nc6 30. cxb5 Nd4 31. Ra6 Qc5 32. Nxd4 Qxd4
33. R1a2 Nd5 34. Qe4 Qxe4 35. Nxe4 Nb4 36. Ra1 Nxa6 37. bxa6 Bc6 38. a7 Ra8
39. Bg2 Rd8 40. d7 Kf8 41. Ra6 Bd5 1/2-1/2

[Event "IX EICC"]
[Site "Plovdiv BUL"]
[Date "2008.04.25"]
[Round "5"]
[White "Markos,J"]
[Black "Kaplan,S"]
[Result "1-0"]
[WhiteElo "2565"]
[BlackElo "2428"]
[EventDate "2008.04.21"]

1. Nf3 Nf6 2. g3 d5 3. Bg2 c6 4. O-O Bf5 5. d3 e6 6. c4 Be7 7. Nc3 O-O 8.
Qb3 Qb6 9. Be3 Qxb3 10. axb3 Na6 11. Nd4 Nb4 12. Nxf5 exf5 13. Rxa7 Rxa7
14. Bxa7 Ra8 15. Bd4 Ra5 16. Rc1 h6 17. Be5 Kh7 18. Bc7 Ra8 19. Bb6 Ra6 20.
Be3 Ra5 21. Bf3 Ng4 22. Bf4 d4 23. Na4 Ne5 24. Bg2 Nd7 25. Bd2 Ra7 26. c5
Na6 27. Nb6 Nxb6 28. cxb6 Ra8 29. Ra1 Bd8 30. b4 Rc8 31. b5 Nc5 32. bxc6
bxc6 33. b4 Nb3 34. Bf4 Bxb6 35. Ra6 g5 36. Rxb6 gxf4 37. Bxc6 fxg3 38.
hxg3 Nc1 39. Kf1 Na2 40. b5 Kg7 41. Ra6 Nb4 42. Ra8 Rc7 43. Ra4 Nxc6 44.
Rc4 Rb7 45. bxc6 Rc7 46. Kg2 Kf6 47. Kf3 Ke6 48. Kf4 Kf6 49. e3 1-0

[Event "IX EICC"]
[Site "Plovdiv BUL"]
[Date "2008.04.25"]
[Round "5"]
[White "Meier,Geo"]
[Black "Pedersen,NicV"]
[Result "1/2-1/2"]
[WhiteElo "2560"]
[BlackElo "2421"]
[EventDate "2008.04.21"]

1. d4 Nf6 2. c4 e6 3. g3 d5 4. Bg2 Bb4+ 5. Bd2 a5 6. Nf3 b6 7. Qa4+ Qd7 8.
Qc2 Bxd2+ 9. Nbxd2 Bb7 10. Rc1 c6 11. cxd5 exd5 12. O-O O-O 13. e4 dxe4 14.
Nxe4 Nxe4 15. Qxe4 c5 16. Qf4 Qb5 17. Rfe1 Ra7 18. dxc5 bxc5 19. Qd6 Na6
20. Rcd1 Raa8 21. Re7 Qxb2 22. a3 c4 23. Rxb7 Qxb7 24. Ne5 Qb8 25. Bxa8
Qxa8 26. Nxc4 Qf3 27. Ne5 Qe2 28. Rd2 Qe1+ 29. Kg2 Qe4+ 30. f3 Qb7 31. Nc6
h6 32. Ne7+ Kh7 33. Nf5 Rg8 34. Qe5 g6 35. Nd6 Qc7 36. Rb2 Nc5 37. Nxf7
Qxf7 38. Qxc5 Rf8 39. Rf2 Qf5 40. Qd4 Rf7 41. Qc3 Re7 42. a4 Qe5 43. Qd3
Qf5 44. Qxf5 gxf5 45. Rc2 Re5 46. f4 Re4 47. Rc5 Rxa4 48. Rxf5 Ra2+ 49. Kh3
Kg6 50. Rc5 h5 51. Rc6+ Kg7 52. Kh4 Rxh2+ 53. Kg5 h4 54. Rc7+ Kf8 55. gxh4
Rg2+ 56. Kf6 Kg8 57. f5 a4 58. Ra7 Ra2 59. Ra8+ Kh7 60. Kf7 a3 61. f6 Ra1
62. Ra5 Kh6 63. Kg8 Rg1+ 64. Kf8 Rb1 65. Ra6 a2 66. f7+ Kh7 67. Rxa2 Rb8+
68. Ke7 Rb7+ 69. Ke6 Rb6+ 70. Ke5 Rb5+ 71. Kf6 Rb6+ 72. Kg5 Rb5+ 73. Kg4
Rb4+ 74. Kg3 Kg7 75. Rf2 Rb8 76. h5 Rf8 77. Kg4 Rxf7 78. h6+ Kg6 1/2-1/2

[Event "IX EICC"]
[Site "Plovdiv BUL"]
[Date "2008.04.25"]
[Round "5"]
[White "Bykhovsky,An ISR"]
[Black "Iljin,A"]
[Result "0-1"]
[WhiteElo "2394"]
[BlackElo "2556"]
[EventDate "2008.04.21"]

1. Nf3 Nf6 2. c4 e6 3. g3 d5 4. Bg2 Be7 5. O-O O-O 6. Qc2 d4 7. d3 Nc6 8.
a3 a5 9. e3 e5 10. exd4 Nxd4 11. Nxd4 Qxd4 12. Be3 Qg4 13. Nc3 c6 14. Ne4
Nxe4 15. dxe4 Qh5 16. Rad1 Be6 17. Bb6 a4 18. Qc3 f6 19. Rd2 c5 20. Rfd1
Rfc8 21. f4 Bg4 22. Rd7 Qe8 23. Qd3 Qxd7 24. Qxd7 Bxd7 25. Rxd7 Bd8 26.
Rxb7 Bxb6 27. Rxb6 Rab8 28. Rb5 Rxb5 29. cxb5 c4 30. Bf1 Kf8 31. Kf2 c3 0-1

[Event "IX EICC"]
[Site "Plovdiv BUL"]
[Date "2008.04.25"]
[Round "5"]
[White "Chudinovskikh,A"]
[Black "Marin,Mi"]
[Result "0-1"]
[WhiteElo "2392"]
[BlackElo "2556"]
[EventDate "2008.04.21"]

1. e4 d6 2. d4 Nf6 3. Nc3 g6 4. f4 Bg7 5. Bd3 O-O 6. Nf3 Na6 7. O-O c5 8.
d5 Bg4 9. Qe1 Nb4 10. Qh4 c4 11. Bxc4 Nxc2 12. Rb1 Rc8 13. Bb3 Bxf3 14.
Bxc2 Be2 15. Re1 Bc4 16. Bd2 Bxa2 17. Ra1 Bc4 18. Kh1 a5 19. f5 b5 20. Bb1
Nd7 21. Re3 e6 22. Qxd8 Rcxd8 23. b3 Bxb3 24. Rxa5 Bh6 25. Re2 Bxd2 26.
Rxd2 Rc8 27. Ne2 exf5 28. h3 fxe4 29. Bxe4 Rfe8 30. Bf3 Ne5 31. Rxb5 Bc4
32. Rbb2 Nxf3 33. gxf3 Bxe2 34. Rxe2 Rxe2 35. Rxe2 Rc1+ 36. Kg2 Rd1 37. Kg3
Rxd5 38. Re1 Kg7 39. h4 Kf6 40. Ra1 h5 41. Kf4 Rf5+ 42. Kg3 Re5 43. Ra6 Ke6
44. Kf4 Rb5 45. Ra8 Rb4+ 46. Kg5 Rb5+ 47. Kf4 Kf6 48. Rd8 Rb4+ 49. Kg3 Ke7
50. Ra8 Rc4 51. Ra7+ Ke6 52. Rb7 d5 53. Rb6+ Kd7 54. Rf6 Ke7 55. Ra6 Rc7
56. Kf4 Rd7 57. Ke3 Rd6 58. Ra7+ Ke6 59. Kd4 Rc6 60. Ke3 Rc4 61. f4 Rc3+
62. Kf2 Rh3 63. Ra4 Kf5 64. Ra7 f6 0-1

[Event "IX EICC"]
[Site "Plovdiv BUL"]
[Date "2008.04.25"]
[Round "5"]
[White "Vuckovic,Bo"]
[Black "Chirila,I"]
[Result "1-0"]
[WhiteElo "2556"]
[BlackElo "2422"]
[EventDate "2008.04.21"]

1. e4 c5 2. Nf3 Nc6 3. d4 cxd4 4. Nxd4 Qb6 5. Nb3 Nf6 6. Nc3 e6 7. Qe2 d6
8. g4 a6 9. Be3 Qc7 10. g5 Nd7 11. O-O-O b5 12. f4 Nb6 13. Qf2 Rb8 14. Kb1
Na4 15. Ne2 e5 16. f5 Na5 17. Bc1 Nc4 18. h4 Bb7 19. Bg2 Rc8 20. Ng3 a5 21.
Rd3 Nab6 22. f6 a4 23. fxg7 Bxg7 24. Nh5 Rg8 25. Na1 Nd7 26. Qf5 Nf8 27.
Rf1 Ng6 28. Rdf3 Nf4 29. Qxh7 Kf8 30. Nxf4 exf4 31. Rxf4 Ne5 32. Qh5 Ke8
33. Bh3 Rh8 34. Qe2 Qc4 35. Qxc4 Rxc4 36. Re1 Ng6 37. Rf5 Rxe4 38. Ref1 Bc8
39. R5f3 Bxh3 40. Rxh3 Rhxh4 41. Rd3 Ke7 42. a3 Ke6 43. Rdf3 Ne5 44. R3f2
d5 45. c3 d4 46. cxd4 Rxd4 47. Bd2 Rde4 48. Bc3 Rhg4 49. Rf5 Nc4 50. Bxg7
Nd2+ 51. Ka2 Nxf1 52. Rf6+ Kd5 53. Rxf1 Rxg5 54. Rxf7 Re2 55. Bc3 Rg1 56.
Rf5+ Kc6 57. Rf6+ Kd5 58. Rb6 Kc5 59. Rb8 Rgg2 60. Rc8+ Kd5 61. Rd8+ Kc6
62. Rd1 Kb7 63. Rc1 Re4 64. Nc2 Kb6 65. Nb4 Rg6 66. Rf1 Rh6 67. Rf8 Kb7 68.
Rf5 Kb6 69. Rd5 Rh1 70. Rd6+ Kb7 71. Rd7+ Kc8 72. Rd5 Rf4 73. Rc5+ Kd7 74.
Rxb5 Rff1 75. Nc2 Rc1 76. Rd5+ Kc6 77. Rd2 Rhd1 78. Re2 Kb5 79. b3 Rd3 80.
bxa4+ Kxa4 81. Kb2 Rdd1 82. Re5 Rd5 83. Re4+ Kb5 84. Ne3 1-0

[Event "IX EICC"]
[Site "Plovdiv BUL"]
[Date "2008.04.25"]
[Round "5"]
[White "Beckhuis,G"]
[Black "Steingrimsson,H"]
[Result "0-1"]
[WhiteElo "2350"]
[BlackElo "2551"]
[EventDate "2008.04.21"]

1. d4 d5 2. c4 c6 3. Nf3 Nf6 4. Nc3 e6 5. Bg5 h6 6. Bh4 dxc4 7. e4 g5 8.
Bg3 b5 9. Be2 Bb7 10. Ne5 Nbd7 11. O-O Bg7 12. Nxf7 Kxf7 13. e5 Nd5 14. Ne4
Ke7 15. Nd6 Rb8 16. Bg4 c5 17. f4 Ne3 18. fxg5 Nxf1 19. Qxf1 Qf8 20. Qe2
Bd5 21. Rf1 Qg8 22. g6 Kd8 23. dxc5 Kc7 24. Rf7 Kc6 25. Qd2 Bxe5 26. Rxd7
Bxg3 27. hxg3 Qxg6 28. Qa5 Kxd7 29. Qxa7+ Kc6 30. b4 cxb3 31. axb3 Qxg4 32.
Nf7 Qe4 33. Qa6+ Kxc5 34. Qd6+ Kd4 35. Qb4+ Kd3 0-1

[Event "IX EICC"]
[Site "Plovdiv BUL"]
[Date "2008.04.25"]
[Round "5"]
[White "Tahirov,F"]
[Black "Nestorovic,N"]
[Result "0-1"]
[WhiteElo "2533"]
[BlackElo "2381"]
[EventDate "2008.04.21"]

1. Nf3 c5 2. c4 Nc6 3. Nc3 e5 4. g3 g6 5. d3 Bg7 6. Bg5 f6 7. Bd2 Nge7 8.
Bg2 d6 9. a3 a5 10. O-O O-O 11. Ne1 Be6 12. Nd5 Bf7 13. Nc2 Nxd5 14. cxd5
Ne7 15. e4 a4 16. b4 axb3 17. Ne3 b5 18. Qxb3 Be8 19. Bh3 f5 20. Nd1 Kh8
21. Nb2 Nc8 22. Nd1 Nb6 23. Nc3 fxe4 24. dxe4 Nc4 25. Bc1 Rb8 26. Bg4 Rf7
27. Nd1 Ra7 28. Be2 Na5 29. Qe3 Rab7 30. h4 c4 31. Rb1 Nb3 32. Bb2 Nd4 33.
f4 Qe7 34. Bc3 Nc2 35. Qc1 Nd4 36. Bg4 Bd7 37. f5 h5 38. Bf3 gxf5 39. Bxh5
Be8 40. Bxd4 exd4 41. Bxe8 Rxe8 42. exf5 Qe5 43. Rb2 Bf6 44. Rg2 d3 45. g4
c3 46. g5 d2 47. Qc2 Qd4+ 48. Nf2 Re1 49. Rg4 d1=Q 50. Qxd1 Rxd1 51. Rxd1
Qxd1+ 0-1

[Event "IX EICC"]
[Site "Plovdiv BUL"]
[Date "2008.04.25"]
[Round "5"]
[White "Jankovic,A"]
[Black "Mladenov,P"]
[Result "0-1"]
[WhiteElo "2528"]
[BlackElo "2371"]
[EventDate "2008.04.21"]

1. d4 Nf6 2. Nf3 e6 3. c4 b6 4. Nc3 Bb7 5. a3 d5 6. cxd5 exd5 7. Bf4 Bd6 8.
Bg3 Ne4 9. Qc2 a6 10. e3 Nd7 11. Nxe4 dxe4 12. Nd2 Bxg3 13. hxg3 Nf6 14.
Rc1 O-O 15. Be2 h6 16. O-O Rc8 17. b4 Re8 18. Qb3 Nd5 19. Rc2 h5 20. Nc4 h4
21. g4 g6 22. Ne5 Kg7 23. f3 exf3 24. Bxf3 f6 25. Nc4 b5 26. Na5 Rxe3 27.
Qb2 Ba8 28. Qc1 Re7 29. g5 f5 30. Re1 f4 31. Rxe7+ Qxe7 32. Bxd5 Bxd5 33.
Qxf4 h3 34. Nc6 Qe1+ 35. Kh2 hxg2 36. Qf6+ Kh7 37. Qe7+ Qxe7 38. Nxe7 Be4
39. Re2 Bf3 40. Rc2 Rh8 41. Rxg2 Kg7+ 42. Kg3 Bxg2 43. Kxg2 Rh5 0-1

[Event "IX EICC"]
[Site "Plovdiv BUL"]
[Date "2008.04.25"]
[Round "5"]
[White "Macak,S"]
[Black "Naumann,A"]
[Result "1/2-1/2"]
[WhiteElo "2342"]
[BlackElo "2523"]
[EventDate "2008.04.21"]

1. e4 e5 2. Nf3 Nc6 3. Bb5 a6 4. Ba4 Nf6 5. O-O Be7 6. Re1 b5 7. Bb3 d6 8.
c3 O-O 9. h3 Rb8 10. d4 exd4 11. cxd4 d5 12. e5 Ne4 13. Nc3 Nxc3 14. bxc3
Bf5 15. a4 Na5 16. axb5 Nxb3 17. Qxb3 Rxb5 18. Qa4 Rb6 19. Ba3 Be4 20. Re3
Rg6 21. Bxe7 Qxe7 22. c4 c5 23. cxd5 Bxd5 24. dxc5 Bxf3 1/2-1/2

[Event "IX EICC"]
[Site "Plovdiv BUL"]
[Date "2008.04.25"]
[Round "5"]
[White "Nedev,T"]
[Black "Berbatov,K"]
[Result "1-0"]
[WhiteElo "2518"]
[BlackElo "2220"]
[EventDate "2008.04.21"]

1. e4 c5 2. Nf3 d6 3. d4 cxd4 4. Nxd4 Nf6 5. Nc3 a6 6. Bg5 e6 7. f4 Nbd7 8.
Qf3 Qc7 9. O-O-O b5 10. Bd3 Bb7 11. Rhe1 Qb6 12. Nb3 Rc8 13. Nd5 exd5 14.
exd5+ Kd8 15. Bf5 Be7 16. Qe2 Re8 17. Bxf6 Nxf6 18. Bxc8 Bxc8 19. h3 Bf8
20. Qf3 Rxe1 21. Rxe1 Bb7 22. Rd1 g6 23. g4 Qc7 24. c3 Qc4 25. Rd4 Bxd5 26.
Qd1 Qc6 27. g5 Bf3 28. Na5 Qa8 29. Qb3 Nd5 30. c4 Nc7 31. cxb5 Bd5 32. Nc6+
Qxc6+ 33. bxc6 Bxb3 34. axb3 d5 35. f5 Bc5 36. Rh4 Be3+ 37. Kd1 Bxg5 38.
Rxh7 Ke8 39. fxg6 Ne6 40. g7 Nxg7 41. Rh8+ Ke7 42. c7 1-0

[Event "IX EICC"]
[Site "Plovdiv BUL"]
[Date "2008.04.25"]
[Round "5"]
[White "Delchev,A"]
[Black "Balog,I1"]
[Result "1/2-1/2"]
[WhiteElo "2639"]
[BlackElo "2415"]
[EventDate "2008.04.21"]

1. Nf3 Nf6 2. c4 c6 3. Nc3 d5 4. e3 g6 5. d4 Bg7 6. cxd5 cxd5 7. Bb5+ Nbd7
8. Qb3 e6 9. a4 O-O 10. O-O b6 11. Bd2 Bb7 12. Rfc1 a6 13. Bf1 Ne4 14. Be1
g5 15. Na2 g4 16. Nd2 Ng5 17. Qc2 Rc8 18. Qd1 Rxc1 19. Rxc1 f5 20. Nb4 e5
21. Bxa6 Bxa6 22. Nxa6 e4 23. Nb4 Nf6 24. Nf1 h5 25. Nc6 Qe8 26. Bb4 h4 27.
Ne7+ Kh7 28. Nxf5 Rg8 29. Rc7 Qh5 30. Nxg7 Rxg7 31. Rxg7+ Kxg7 32. Qc2 Kg6
33. Qc6 Nh3+ 34. gxh3 gxh3 35. Be7 Qg4+ 36. Ng3 Qd1+ 1/2-1/2

[Event "IX EICC"]
[Site "Plovdiv BUL"]
[Date "2008.04.25"]
[Round "5"]
[White "Todorovic,J"]
[Black "Banikas,H"]
[Result "0-1"]
[WhiteElo "2406"]
[BlackElo "2600"]
[EventDate "2008.04.21"]

1. e4 c6 2. d4 d5 3. Nc3 dxe4 4. Nxe4 Nd7 5. Bc4 Ngf6 6. Ng5 e6 7. Qe2 Nb6
8. Bd3 h6 9. N5f3 c5 10. dxc5 Bxc5 11. Ne5 Nbd7 12. Ngf3 Qc7 13. O-O O-O
14. Bd2 Bd6 15. Nxd7 Bxd7 16. Rae1 Rfd8 17. Ne5 Bb5 18. Bxb5 Bxe5 19. Qxe5
Qxe5 20. Rxe5 Rxd2 21. Bd3 Rc8 22. Rfe1 Nd7 23. R5e4 Kf8 24. Kf1 Nc5 25.
Rc4 Rc6 26. Be2 Ke7 27. Rd1 Rxd1+ 28. Bxd1 b5 29. Rb4 a6 30. Be2 Na4 31. c3
Nb6 32. h4 g5 33. hxg5 hxg5 34. g3 f5 35. a4 Nxa4 36. c4 Nb6 37. cxb5 Rc1+
38. Kg2 a5 39. Rb3 a4 40. Rb4 Re1 41. Bd3 Rd1 42. Bc2 Rd2 43. Bxa4 Kd6 0-1

[Event "IX EICC"]
[Site "Plovdiv BUL"]
[Date "2008.04.25"]
[Round "5"]
[White "Kotrotsos,V"]
[Black "Rusev,K"]
[Result "1/2-1/2"]
[WhiteElo "2323"]
[BlackElo "2516"]
[EventDate "2008.04.21"]

1. e4 e6 2. d4 d5 3. e5 c5 4. c3 Qb6 5. Nf3 Nc6 6. a3 c4 7. g3 Na5 8. Nbd2
Bd7 9. Bg2 O-O-O 10. O-O Be7 11. h4 Kb8 12. Rb1 Rc8 13. Qc2 Nh6 14. Bh3 Nf5
15. Re1 h6 16. h5 Rcg8 17. Nf1 g6 18. Ne3 Nxe3 19. Bxe3 gxh5 20. Kh2 Ka8
21. Nh4 Qd8 22. Rg1 Nc6 23. f4 Bxh4 24. gxh4 Qxh4 25. Qf2 Qd8 26. Rxg8 Rxg8
27. Rg1 Rg6 28. Qf3 Qb6 29. Rg2 a5 30. Bc1 Qb3 31. Qxh5 Rxg2+ 32. Bxg2 Qc2
33. Qxf7 Qxc1 34. Qxd7 Qxf4+ 35. Kh3 Qf5+ 36. Kg3 h5 37. Bh3 Qg5+ 38. Kf3
h4 39. Bxe6 Qg3+ 40. Ke2 Qg2+ 41. Kd1 h3 42. Bxd5 Qf1+ 43. Kc2 Qd3+ 44. Kc1
Qf1+ 45. Kc2 Qd3+ 46. Kc1 Qf1+ 1/2-1/2

[Event "IX EICC"]
[Site "Plovdiv BUL"]
[Date "2008.04.25"]
[Round "5"]
[White "Heberla,B"]
[Black "Vehi Bach,V"]
[Result "1/2-1/2"]
[WhiteElo "2509"]
[BlackElo "2381"]
[EventDate "2008.04.21"]

1. c4 c5 2. Nf3 g6 3. Nc3 Bg7 4. e3 Nf6 5. d4 O-O 6. Be2 cxd4 7. exd4 d5 8.
h3 Nc6 9. O-O dxc4 10. Bxc4 Na5 11. Be2 Be6 12. Ne5 Rc8 13. Bf3 Nd5 14. Ne4
Nb4 15. Nc3 Bf5 16. Bf4 f6 17. Ng4 Nc2 18. Rc1 Qxd4 19. Nh6+ Kh8 20. Nxf5
gxf5 21. Nd5 Qxd1 22. Bxd1 Nd4 23. Rxc8 Rxc8 24. Nxe7 Re8 25. Nd5 Ne2+ 26.
Bxe2 Rxe2 27. Rc1 Nc6 28. b4 Kg8 29. b5 Ne7 30. Nxe7+ Rxe7 31. Rc8+ Kf7 32.
Be3 b6 33. a4 f4 34. Bxf4 Re4 35. Bb8 Rxa4 36. Rc7+ Kg6 37. Bxa7 Rb4 38.
Bxb6 Rxb5 39. Rc6 h5 40. g3 Rd5 41. Be3 Bf8 42. Bf4 Rc5 43. Ra6 Rb5 44. Kg2
Kf5 45. Kf3 Rb3+ 46. Be3 Bh6 47. Ra4 Rc3 48. Rh4 Kg6 49. g4 hxg4+ 50. Rxg4+
Kf5 51. Rg1 Bg5 52. Rh1 Bh4 53. Kg2 Bg5 54. Bd4 Rd3 55. Bb6 Rb3 56. Bc5 Rc3
57. Bb6 Rb3 58. Bc7 Bh4 59. Bd6 Rd3 60. Bc5 Rc3 61. Bd4 Rd3 62. Bc5 Rc3 63.
Be3 Bg5 64. Bb6 Rb3 65. Bc5 Rc3 66. Bd6 Bh4 67. Ra1 Rc2 68. Ra5+ Kg6 69.
Bc5 Rd2 70. Ra4 Rd5 71. Be7 Rg5+ 72. Kf1 Rh5 73. Rg4+ Kf7 74. Bd6 Bxf2 75.
Kxf2 Rxh3 76. Ra4 Rd3 77. Ra6 Rd5 78. Kf3 Kg6 79. Ke4 Rd1 80. Bc5 Re1+ 81.
Kf4 Rf1+ 82. Kg4 Rf5 83. Be3 Rf1 84. Ra8 Re1 85. Bf4 Rg1+ 86. Bg3 Rf1 87.
Rh8 Kg7 88. Rh2 Kg6 89. Bf2 Rb1 90. Be3 Rb5 91. Rf2 Rb4+ 92. Bf4 Rb5 93.
Rg2 1/2-1/2

[Event "IX EICC"]
[Site "Plovdiv BUL"]
[Date "2008.04.25"]
[Round "5"]
[White "Reutsky,S"]
[Black "Kosic,D"]
[Result "1/2-1/2"]
[WhiteElo "2302"]
[BlackElo "2500"]
[EventDate "2008.04.21"]

1. e4 e6 2. d4 d5 3. Nc3 Nf6 4. Bg5 dxe4 5. Nxe4 Nbd7 6. Nf3 h6 7. Nxf6+
Nxf6 8. Bh4 a6 9. Bd3 c5 10. O-O cxd4 11. Nxd4 Bc5 12. Nb3 Be7 13. Qf3 Qd5
14. Qe2 Bd7 15. c4 Qh5 16. Qxh5 Nxh5 17. Bxe7 Kxe7 18. Be4 Rab8 19. Nc5
Rhc8 20. Nxd7 Kxd7 21. Rfd1+ Ke7 22. Rac1 Nf6 23. Bf3 b6 24. Kf1 Rc7 25.
Rd3 Nd7 26. Rdc3 a5 27. b3 Rbc8 28. Be2 b5 29. Ke1 b4 30. Rg3 g6 31. Re3 h5
32. f4 Nc5 33. g3 Rd7 34. Rd1 Rxd1+ 35. Kxd1 Rd8+ 36. Kc2 Rd4 37. Bf3 Kd6
38. Be2 h4 39. Bd3 hxg3 40. hxg3 f5 41. Rf3 g5 42. fxg5 Rg4 43. Kd2 Rxg5
44. Ke3 Ke5 45. Kf2 Rh5 46. Kg2 Rg5 47. Bb1 Rg4 48. Kf2 Rg7 49. Re3+ Kd4
50. Re2 Rh7 51. Rd2+ Ke5 52. Re2+ Kf6 53. Ke3 Rh1 54. Bc2 Ke5 55. Kf3+ Kd4
56. g4 Rh3+ 57. Kf4 Rh4 58. Bxf5 exf5 59. Kxf5 a4 60. bxa4 Nxa4 61. g5 Nc3
62. Rg2 Ne4 63. g6 Rh5+ 64. Ke6 Re5+ 65. Kd7 Nf6+ 66. Kd6 Ne8+ 67. Kc6 Re7
68. c5 Rg7 69. Rg4+ Kc3 70. Rg3+ Kc4 71. Rg4+ Kc3 72. Rg3+ Kc4 73. Rg4+
1/2-1/2

[Event "IX EICC"]
[Site "Plovdiv BUL"]
[Date "2008.04.25"]
[Round "5"]
[White "Sulashvili,M"]
[Black "Stamenkov,V"]
[Result "1-0"]
[WhiteElo "2491"]
[BlackElo "2350"]
[EventDate "2008.04.21"]

1. d4 Nf6 2. Nf3 g6 3. c4 Bg7 4. g3 c6 5. Bg2 O-O 6. O-O d5 7. cxd5 cxd5 8.
Ne5 Nc6 9. Nc3 e6 10. Nxc6 bxc6 11. b3 Nd7 12. Na4 c5 13. Be3 cxd4 14. Bxd4
Ba6 15. Re1 Bxd4 16. Qxd4 Qf6 17. Qxf6 Nxf6 18. Nc5 Bc8 19. Rac1 Rb8 20. e4
dxe4 21. Bxe4 Nxe4 22. Rxe4 Rd8 23. Ra4 Ra8 24. Ra5 Rd5 25. Rc3 e5 26. Rd3
Rd4 27. Rxd4 exd4 28. Ra4 Bh3 29. Rxd4 Re8 30. Ne4 Rc8 31. f4 Rc1+ 32. Kf2
Bf5 33. Nd2 Rc2 34. a4 Be6 35. Ke3 a5 36. Rd8+ Kg7 37. Rb8 h5 38. Rb5 h4
39. Kd3 hxg3 40. hxg3 Rc1 41. Rxa5 Rg1 42. Re5 Rxg3+ 43. Re3 Rg4 44. Rf3
Bd5 45. Rf1 Rg3+ 46. Kc2 Rg2 47. Kc3 Rg3+ 48. Kb4 Rd3 49. Nc4 f6 50. a5 g5
51. fxg5 fxg5 52. Rg1 Kf6 53. a6 Kf5 54. Kc5 Ba8 55. b4 Rd5+ 56. Kb6 Rd4
57. Ne3+ Kf4 58. b5 Kxe3 59. Rxg5 Be4 60. Ka7 Kf4 61. Rh5 Kg4 62. Rh6 Rd8
1-0

[Event "IX EICC"]
[Site "Plovdiv BUL"]
[Date "2008.04.25"]
[Round "5"]
[White "Kukov,V"]
[Black "Hoffmann,Mi1"]
[Result "1/2-1/2"]
[WhiteElo "2365"]
[BlackElo "2471"]
[EventDate "2008.04.21"]

1. Nf3 g6 2. d4 Bg7 3. c4 Nf6 4. Nc3 d5 5. Bg5 Ne4 6. cxd5 Nxg5 7. Nxg5 e6
8. Qd2 exd5 9. Qe3+ Kf8 10. Qf4 Bf6 11. h4 h6 12. Nf3 Kg7 13. e3 Be6 14.
Bd3 Nd7 15. O-O-O c6 16. g4 Qb8 17. Rdg1 Be7 18. Ne5 Bd6 19. Nxd7 Bxf4 20.
Nxb8 Bxb8 21. f4 1/2-1/2

[Event "IX EICC"]
[Site "Plovdiv BUL"]
[Date "2008.04.25"]
[Round "5"]
[White "Vavrak,P"]
[Black "Sidorenko,I"]
[Result "1-0"]
[WhiteElo "2466"]
[BlackElo "2334"]
[EventDate "2008.04.21"]

1. d4 Nf6 2. c4 g6 3. Nc3 Bg7 4. e4 d6 5. Be2 O-O 6. Bg5 Nbd7 7. Qd2 c5 8.
d5 a6 9. a4 Qa5 10. Ra3 Re8 11. Nf3 e6 12. O-O Nb6 13. e5 Ng4 14. exd6 exd5
15. cxd5 Qb4 16. a5 Nc4 17. Bxc4 Qxc4 18. Na4 Qb5 19. h3 Ne5 20. Nxe5 Bxe5
21. Be7 Bf5 22. Re1 Qb4 23. Qxb4 cxb4 24. Raa1 Bd4 25. Rad1 Ba7 26. Rc1
Rac8 27. Rc7 Rxc7 28. dxc7 Bd7 29. Bxb4 Rc8 30. Nb6 Rxc7 31. d6 1-0

[Event "IX EICC"]
[Site "Plovdiv BUL"]
[Date "2008.04.25"]
[Round "5"]
[White "Magalashvili,Da"]
[Black "Dinev,De"]
[Result "1-0"]
[WhiteElo "2462"]
[BlackElo "2298"]
[EventDate "2008.04.21"]

1. d4 Nf6 2. c4 e6 3. Nc3 c5 4. d5 exd5 5. cxd5 d6 6. Nf3 g6 7. Nd2 Bg7 8.
Nc4 O-O 9. Bg5 b6 10. e3 Ba6 11. a4 Qe7 12. Nb5 Rd8 13. Be2 Nbd7 14. Ncxd6
h6 15. Bh4 Bxb5 16. Nxb5 Qe4 17. Bxf6 Nxf6 18. O-O Rxd5 19. Qb3 Rg5 20. g3
Qe7 21. a5 Rb8 22. axb6 Rxb6 23. Qc2 a6 24. Nc3 Nd5 25. Na4 Nb4 26. Qc4 Re6
27. Bf3 Rge5 28. Nc3 h5 29. Rfd1 Qf6 30. Bg2 Rb6 31. Bd5 Rf5 32. Rd2 Qe7
33. Bg2 Bh6 34. Rad1 Rxf2 35. Rxf2 Bxe3 36. Ne4 Nc6 37. Qe2 Rb3 38. Kh1 Nd4
39. Qf1 Bxf2 40. Qxf2 Kg7 41. Nc3 Nf5 42. Bd5 Rb4 43. Re1 Qf6 44. Be4 Qd4
45. Qxd4+ Nxd4 46. Nd1 f5 47. Bd3 c4 48. Bf1 Kf6 49. Re8 Nf3 50. Kg2 Nd2
51. Be2 h4 52. gxh4 c3 53. bxc3 Rxh4 54. Ra8 g5 55. Rxa6+ Kf7 56. Nf2 f4
57. h3 Nb1 58. Ne4 1-0

[Event "IX EICC"]
[Site "Plovdiv BUL"]
[Date "2008.04.25"]
[Round "5"]
[White "Khmelniker,I"]
[Black "Haroutjunian,D"]
[Result "1-0"]
[WhiteElo "2459"]
[BlackElo "2293"]
[EventDate "2008.04.21"]

1. d4 Nf6 2. c4 e6 3. Nf3 b6 4. Nc3 Bb7 5. a3 d5 6. Bg5 Be7 7. cxd5 exd5 8.
Qa4+ c6 9. e3 O-O 10. Bd3 Nbd7 11. O-O a5 12. Qc2 Ba6 13. Bxa6 Rxa6 14.
Rfe1 b5 15. Nd2 Nb6 16. e4 dxe4 17. Ndxe4 Nfd5 18. Nxd5 Nxd5 19. Bxe7 Nxe7
20. Qc5 Nd5 21. Nc3 Nxc3 22. bxc3 Qd5 23. Re5 Qxc5 24. Rxc5 Rd8 25. Rb1 g6
26. Kf1 Kf8 27. Ke2 Ke7 28. Kd3 Kd6 29. c4 b4 30. axb4 axb4 31. Rxb4 Ra3+
32. Ke4 Ra2 33. Rb6 Re8+ 34. Kf3 Rc8 35. Re5 Rc7 36. c5+ Kd7 37. Rb8 f6 38.
Re3 Rca7 39. Rbe8 R2a3 40. R8e7+ Kd8 41. R7e6 1-0

[Event "IX EICC"]
[Site "Plovdiv BUL"]
[Date "2008.04.25"]
[Round "5"]
[White "Yordanov,N"]
[Black "Grigorov,G"]
[Result "0-1"]
[WhiteElo "2296"]
[BlackElo "2456"]
[EventDate "2008.04.21"]

1. e4 c5 2. Nf3 d6 3. d4 Nf6 4. Nc3 cxd4 5. Nxd4 a6 6. Be3 e6 7. g4 e5 8.
Nf5 h5 9. g5 Nxe4 10. Nxg7+ Bxg7 11. Nxe4 d5 12. Ng3 d4 13. Bd2 Qd5 14. Be2
e4 15. c4 Qc6 16. O-O h4 17. Nh5 Rxh5 18. Bxh5 Be6 19. Re1 Nd7 20. Qe2 e3
21. fxe3 d3 22. Qf3 Qxf3 23. Bxf3 Ne5 24. Be4 Nxc4 25. Bc3 Bxc3 26. bxc3 d2
27. Re2 O-O-O 28. Rd1 Bg4 29. Kf2 Bxe2 30. Kxe2 Re8 31. Bf5+ Kc7 32. e4 Rd8
33. h3 Kd6 34. g6 fxg6 35. Bxg6 Ke5 36. Bf7 Nd6 37. Bd5 Nxe4 38. Bxe4 Kxe4
39. Rxd2 Rxd2+ 40. Kxd2 Kf3 41. c4 Kg3 42. Ke3 Kxh3 43. Kf3 b6 44. a4 a5
45. Ke4 Kg4 46. Kd5 h3 0-1

[Event "IX EICC"]
[Site "Plovdiv BUL"]
[Date "2008.04.25"]
[Round "5"]
[White "Koepke,C"]
[Black "Berczes,D"]
[Result "0-1"]
[WhiteElo "2296"]
[BlackElo "2453"]
[EventDate "2008.04.21"]

1. e4 c5 2. Nf3 d6 3. d4 cxd4 4. Nxd4 Nf6 5. Nc3 a6 6. Be3 e5 7. Nb3 Be6 8.
f3 Be7 9. Qd2 O-O 10. O-O-O a5 11. Qe1 Qc8 12. a4 Nc6 13. g4 Nb4 14. g5 Nh5
15. Kb1 f5 16. gxf6 Nxf6 17. Bg5 Qe8 18. h4 Qf7 19. Nc1 b5 20. Bxb5 Rfc8
21. N1e2 Rc5 22. Rc1 Rac8 23. Qd2 Kh8 24. Be3 R5c7 25. Bb6 d5 26. Bxc7 Rxc7
27. exd5 Nfxd5 28. b3 Nxc3+ 29. Nxc3 Qxf3 30. Na2 Nxc2 31. Bd3 Bxb3 32. Nc3
Rd7 33. Be4 Na3+ 34. Ka1 Rxd2 35. Bxf3 Bb4 36. Rh2 Rxh2 37. Ne2 g6 38. h5
e4 39. h6 exf3 40. Rc8+ Bg8 41. Nc1 Rc2 0-1

[Event "IX EICC"]
[Site "Plovdiv BUL"]
[Date "2008.04.25"]
[Round "5"]
[White "Logothetis,S"]
[Black "Damaso,R"]
[Result "1/2-1/2"]
[WhiteElo "2291"]
[BlackElo "2449"]
[EventDate "2008.04.21"]

1. Nf3 Nf6 2. c4 e6 3. Nc3 Bb4 4. Qc2 c5 5. a3 Ba5 6. g3 d5 7. Na4 Nbd7 8.
Nxc5 Nxc5 9. b4 O-O 10. Bg2 e5 11. bxc5 d4 12. Nxe5 Qe7 13. Nf3 Qxc5 14.
O-O Re8 15. e3 dxe3 16. dxe3 Bf5 17. Qb3 Be6 18. Bd2 Bxd2 1/2-1/2